<?xml version="1.0" encoding="UTF-8"?>
<collection xmlns="http://www.loc.gov/MARC21/slim">
<record>
  <controlfield tag="001">147256</controlfield>
  <controlfield tag="005">20241216115436.0</controlfield>
  <datafield tag="024" ind1="8" ind2=" ">
    <subfield code="2">sideral</subfield>
    <subfield code="a">141050</subfield>
  </datafield>
  <datafield tag="037" ind1=" " ind2=" ">
    <subfield code="a">ART-2020-141050</subfield>
  </datafield>
  <datafield tag="041" ind1=" " ind2=" ">
    <subfield code="a">spa</subfield>
  </datafield>
  <datafield tag="100" ind1=" " ind2=" ">
    <subfield code="a">Ainaga Andrés, M.ª Teresa</subfield>
  </datafield>
  <datafield tag="245" ind1=" " ind2=" ">
    <subfield code="a">Tiempo y vida urbana. El reloj mecánico de la parroquia de San Pablo de Zaragoza y la organización de la actividad cotidiana de un gran barrio</subfield>
  </datafield>
  <datafield tag="260" ind1=" " ind2=" ">
    <subfield code="c">2020</subfield>
  </datafield>
  <datafield tag="520" ind1="3" ind2=" ">
    <subfield code="a">El reloj de torre de la parroquia de San Pablo de Zaragoza es uno de los primeros documentados en la ciudad (a partir de 1439, pero con probabilidad desde finales del siglo XIV) y también uno de los más importantes. Su existencia desde fecha temprana se justifica por la condición eminentemente artesanal que tuvo durante siglos el barrio en el que se sitúa y por su proximidad a la plaza del Mercado, algo que le concedía una ventaja notable sobre el reloj de la ciudad, instalado en el cimborrio de la Seo, hasta que la edificación de la Torre Nueva o del Reloj (15014-1512) en la plaza de San Felipe modificó su statu quo.

L’horloge de clocher de la paroisse de San Pablo de Saragosse est l’une des premières documentées de la ville (de 1439, mais probablement de la fin du XIVe siècle) et aussi l’une des plus importantes. Son existence précoce est justifiée par la condition éminemment artisanale que le quartier dans lequel il se trouve a eu pendant des siècles, et par sa proximité avec la plaza del Mercado, ce qui lui a donné un avantage notable sur l’horloge publique, installée dans la tour-lanterne la cathédrale, jusqu’à ce que la construction de la Torre Nueva ou Tour de l’horloge (15014-1512) sur la plaza de San Felipe a modifié son statu quo</subfield>
  </datafield>
  <datafield tag="506" ind1="0" ind2=" ">
    <subfield code="a">Access copy available to the general public</subfield>
    <subfield code="f">Unrestricted</subfield>
  </datafield>
  <datafield tag="540" ind1=" " ind2=" ">
    <subfield code="9">info:eu-repo/semantics/openAccess</subfield>
    <subfield code="a">by-nc-nd</subfield>
    <subfield code="u">http://creativecommons.org/licenses/by-nc-nd/3.0/es/</subfield>
  </datafield>
  <datafield tag="655" ind1=" " ind2="4">
    <subfield code="a">info:eu-repo/semantics/article</subfield>
    <subfield code="v">info:eu-repo/semantics/publishedVersion</subfield>
  </datafield>
  <datafield tag="700" ind1=" " ind2=" ">
    <subfield code="a">Criado Mainar, Jesús</subfield>
    <subfield code="u">Universidad de Zaragoza</subfield>
    <subfield code="0">(orcid)0000-0001-8328-1642</subfield>
  </datafield>
  <datafield tag="710" ind1="2" ind2=" ">
    <subfield code="1">3007</subfield>
    <subfield code="2">465</subfield>
    <subfield code="a">Universidad de Zaragoza</subfield>
    <subfield code="b">Dpto. Historia del Arte</subfield>
    <subfield code="c">Área Historia del Arte</subfield>
  </datafield>
  <datafield tag="773" ind1=" " ind2=" ">
    <subfield code="g">25 (2020), 121-141</subfield>
    <subfield code="p">Turiaso</subfield>
    <subfield code="t">Turiaso</subfield>
    <subfield code="x">0211-7207</subfield>
  </datafield>
  <datafield tag="856" ind1="4" ind2="1">
    <subfield code="u">https://ifc.dpz.es/publicaciones/ebooks/id/3990</subfield>
    <subfield code="z">Texto completo de la revista</subfield>
  </datafield>
  <datafield tag="856" ind1="4" ind2=" ">
    <subfield code="s">490369</subfield>
    <subfield code="u">http://zaguan.unizar.es/record/147256/files/texto_completo.pdf</subfield>
    <subfield code="y">Versión publicada</subfield>
  </datafield>
  <datafield tag="856" ind1="4" ind2=" ">
    <subfield code="s">585142</subfield>
    <subfield code="u">http://zaguan.unizar.es/record/147256/files/texto_completo.jpg?subformat=icon</subfield>
    <subfield code="x">icon</subfield>
    <subfield code="y">Versión publicada</subfield>
  </datafield>
  <datafield tag="909" ind1="C" ind2="O">
    <subfield code="o">oai:zaguan.unizar.es:147256</subfield>
    <subfield code="p">articulos</subfield>
    <subfield code="p">driver</subfield>
  </datafield>
  <datafield tag="951" ind1=" " ind2=" ">
    <subfield code="a">2024-12-16-11:28:18</subfield>
  </datafield>
  <datafield tag="980" ind1=" " ind2=" ">
    <subfield code="a">ARTICLE</subfield>
  </datafield>
</record>
</collection>